[Event "Youth Classic 2019 - Youth Open U14"]
[Site "Bad Soden, Hasselgrundhalle"]
[Date "2019.10.05"]
[Round "5.12"]
[White "Riemann, Adrian"]
[Black "Middendorf, Sven-Jonas"]
[Result "0-1"]
[WhiteElo "1105"]
[BlackElo "1382"]
[PlyCount "86"]
[EventDate "2019.??.??"]
[WhiteTeam "SK Bickenbach"]
[BlackTeam "SV Hellas Nauen"]

1. d4 d5 2. c3 c6 3. e3 Nf6 4. f4 e6 5. Bd3 Bd6 6. Nf3 O-O 7. O-O c5 8. Ne5
Nbd7 9. Nd2 Be7 10. Ndf3 Ne8 11. Qc2 f5 12. b3 Nxe5 13. Nxe5 Nf6 14. c4 dxc4
15. Bxc4 cxd4 16. Qxf5 Nd5 17. Qd3 Nb4 18. Qxd4 Qxd4 19. exd4 Nc2 20. Rb1 Nxd4
21. Be3 Nc2 22. Bd2 Bc5+ 23. Kh1 Na3 24. Rb2 Bd4 25. Bb4 Bxb2 26. Bxf8 Kxf8 27.
Bd3 Kg8 28. Rd1 Bxe5 29. fxe5 g6 30. Be4 a5 31. Rd8+ Kf7 32. Rh8 Kg7 33. Re8 a4
34. Re7+ Kg8 35. Re8+ Kf7 36. Rh8 Kg7 37. Re8 axb3 38. axb3 Nc4 39. Kg1 Nxe5
40. Re7+ Nf7 41. Bxb7 Ra7 42. Rxf7+ Kxf7 43. Bxc8 Ra3 0-1

[Event "Youth Classic 2019 - Youth Open U14"]
[Site "Bad Soden, Hasselgrundhalle"]
[Date "2019.10.05"]
[Round "5.13"]
[White "Barthel, Jacob"]
[Black "Atar, Efecan"]
[Result "0-1"]
[WhiteElo "1160"]
[BlackElo "1417"]
[PlyCount "142"]
[EventDate "2019.??.??"]
[WhiteTeam "SV Hellas Nauen"]
[BlackTeam "SK Kerpen"]

1. d4 Nf6 2. Nf3 g6 3. Bf4 Bg7 4. e3 O-O 5. Bd3 d6 6. c4 Nbd7 7. Nc3 c5 8. d5
Qb6 9. Qc2 a5 10. a4 Qb4 11. Ra3 Nh5 12. Rb3 Bxc3+ 13. Rxc3 Nxf4 14. exf4 Qb6
15. f5 Ne5 16. Nxe5 dxe5 17. fxg6 fxg6 18. O-O Qf6 19. Qd2 Qh4 20. Be2 Bd7 21.
Rh3 Bxh3 22. gxh3 Qxh3 23. Qg5 Qb3 24. Bg4 Qxc4 25. Be6+ Kh8 26. Qxe5+ Rf6 27.
Bd7 Raf8 28. Re1 Qd4 29. Qxe7 Rxf2 30. Qe3 Rf1+ 31. Kg2 Qxd5+ 32. Qe4 Qd2+ 33.
Re2 Qxd7 34. Qe5+ Qg7 35. Qxc5 Qf6 36. Qe3 Qf3+ 37. Qxf3 R1xf3 38. h3 Kg7 39.
Re7+ R3f7 40. Re5 Rf5 41. Re7+ R8f7 42. Re2 Kf6 43. h4 h6 44. Rd2 g5 45. h5 g4
46. Kg3 Kg5 47. Re2 Rf3+ 48. Kg2 Kh4 49. b4 axb4 50. a5 R7f5 51. a6 bxa6 52.
Kh1 Rf1+ 53. Kg2 R1f2+ 54. Rxf2 Rxf2+ 55. Kxf2 b3 56. Ke3 b2 57. Kf4 b1=Q 58.
Ke5 Qb4 59. Kd5 Kg3 60. Ke5 Kf3 61. Kd5 Ke3 62. Ke5 Qb5+ 63. Kf6 Qxh5 64. Ke6
Kd4 65. Kf6 Qg5+ 66. Ke6 a5 67. Kd6 Qg6+ 68. Kd7 Kc5 69. Ke7 Kd5 70. Kf8 Qh7
71. Ke8 Ke6 0-1

[Event "Youth Classic 2019 - Youth Open U14"]
[Site "Bad Soden, Hasselgrundhalle"]
[Date "2019.10.05"]
[Round "5.14"]
[White "Chhajed, Divyam"]
[Black "Goetz, Fenja"]
[Result "0-1"]
[WhiteElo "1112"]
[BlackElo "1490"]
[PlyCount "72"]
[EventDate "2019.??.??"]
[WhiteTeam "SK Bickenbach"]
[BlackTeam "SK Bad Homburg"]

1. c4 e5 2. Nc3 b6 3. Nf3 Nc6 4. g3 Bb7 5. Bg2 Rb8 6. b3 Nf6 7. d3 Nd4 8. e3
Nxf3+ 9. Bxf3 Bb4 10. Bd2 Bc5 11. Bxb7 Rxb7 12. Qe2 O-O 13. e4 Re8 14. Bg5 h6
15. Bh4 g5 16. Bxg5 hxg5 17. g4 Bb4 18. Rc1 Kg7 19. h4 gxh4 20. g5 Nh7 21. Rxh4
Nxg5 22. Qg4 Rg8 23. d4 exd4 24. f4 Bxc3+ 25. Rxc3 dxc3 26. fxg5 Kf8 27. Rh5 b5
28. Qh4 bxc4 29. Rh8 Rb6 30. Qh7 Qxg5 31. Rxg8+ Qxg8 32. Qf5 Qg3+ 33. Ke2 Qd3+
34. Kf2 c2 35. Qg5 Qd4+ 36. Kf3 Rf6+ 0-1

[Event "Youth Classic 2019 - Youth Open U14"]
[Site "Bad Soden, Hasselgrundhalle"]
[Date "2019.10.05"]
[Round "5.15"]
[White "Tychyna, Margarita"]
[Black "Nedilko, Marko"]
[Result "0-1"]
[WhiteElo "1088"]
[BlackElo "1407"]
[PlyCount "86"]
[EventDate "2019.??.??"]
[WhiteTeam "SK Bad Homburg"]
[BlackTeam "SC ML Kastellaun"]

1. e4 g6 2. d4 Bg7 3. Nf3 d6 4. h3 c5 5. d5 e6 6. Nc3 Ne7 7. Bc4 a6 8. a4 e5 9.
O-O O-O 10. Be3 f5 11. exf5 Nxf5 12. Bg5 Bf6 13. Qd2 Nd4 14. Nxd4 Bxg5 15. Ne6
Bxd2 16. Nxd8 Rxd8 17. Ne4 Bh6 18. Rad1 Bf5 19. Rfe1 Bxe4 20. Rxe4 Nd7 21. Rh4
Bg7 22. f4 exf4 23. Rxf4 Nb6 24. b3 Bd4+ 25. Kh1 Nxc4 26. bxc4 Rf8 27. Re4 Rae8
28. Rxe8 Rxe8 29. Rb1 Re2 30. Rxb7 Rxc2 31. Rb6 Rc1+ 32. Kh2 Be5+ 33. g3 Rc2+
34. Kh1 Rxc4 35. Rxa6 Bxg3 36. Ra8+ Kg7 37. a5 Ra4 38. a6 c4 39. a7 Bf2 40. Rd8
Rxa7 41. Rxd6 Rc7 42. Rc6 Rxc6 43. dxc6 Bb6 0-1

[Event "Youth Classic 2019 - Youth Open U14"]
[Site "Bad Soden, Hasselgrundhalle"]
[Date "2019.10.05"]
[Round "5.16"]
[White "Alt, Johannes"]
[Black "Tobias, Karolin"]
[Result "1-0"]
[WhiteElo "1200"]
[BlackElo "1261"]
[PlyCount "69"]
[EventDate "2019.??.??"]
[WhiteTeam "SF Heidesheim"]
[BlackTeam "SV Oberursel"]

1. d4 d5 2. c4 dxc4 3. Nf3 Nc6 4. e3 Nf6 5. Bxc4 Bg4 6. Nbd2 e6 7. h3 Bh5 8.
O-O Bd6 9. Re1 O-O 10. a3 e5 11. e4 Nxd4 12. g4 Bg6 13. Nxd4 exd4 14. e5 Bc5
15. exf6 Qxf6 16. Qf3 Qd6 17. Nb3 Bb6 18. g5 Rfe8 19. Bf4 Qd7 20. h4 Qf5 21.
Qg3 Qc2 22. Bf1 d3 23. h5 Bxh5 24. Bxd3 Qxb3 25. Bxh7+ Kf8 26. Qxb3 Rad8 27.
Rxe8+ Rxe8 28. Qh3 Be2 29. Bf5 Bb5 30. Qh8+ Ke7 31. Re1+ Kd8 32. Rxe8+ Bxe8 33.
g6 f6 34. Qxg7 a6 35. Qxf6# 1-0

[Event "Youth Classic 2019 - Youth Open U14"]
[Site "Bad Soden, Hasselgrundhalle"]
[Date "2019.10.05"]
[Round "5.17"]
[White "Negru, Maximilian"]
[Black "Sadri, Adrian"]
[Result "1-0"]
[WhiteElo "1326"]
[BlackElo "1243"]
[PlyCount "55"]
[EventDate "2019.??.??"]
[WhiteTeam "SK Bad Homburg"]
[BlackTeam "SC Bad Soden"]

1. e4 e5 2. Nf3 Nc6 3. Bc4 Bc5 4. c3 Nf6 5. d4 exd4 6. e5 Ng4 7. Ng5 O-O 8.
Qxg4 d5 9. Qh4 h6 10. Bd3 Nxe5 11. Bh7+ Kh8 12. b4 Be7 13. f4 Nc4 14. O-O dxc3
15. Nxc3 d4 16. Rd1 Bxb4 17. Nxf7+ Rxf7 18. Qxd8+ Kxh7 19. Qxd4 Ba3 20. Qxc4
Rf6 21. Bxa3 Be6 22. Qe4+ Bf5 23. Qe7 Rc8 24. Rd8 Rxd8 25. Qxd8 Rc6 26. Nd5 Ra6
27. Ne7 Rxa3 28. Qg8# 1-0

[Event "Youth Classic 2019 - Youth Open U14"]
[Site "Bad Soden, Hasselgrundhalle"]
[Date "2019.10.05"]
[Round "5.18"]
[White "Haller, Andreas"]
[Black "Yakubjanov, Damin"]
[Result "1-0"]
[WhiteElo "1087"]
[BlackElo "1259"]
[PlyCount "127"]
[EventDate "2019.??.??"]
[WhiteTeam "SC Bad Soden"]
[BlackTeam "Schachakademie Trier"]

1. e4 e5 2. Nf3 Nc6 3. Bc4 Nf6 4. d4 d6 5. Nc3 Be7 6. d5 Na5 7. Bb5+ c6 8. dxc6
bxc6 9. Ba4 O-O 10. b4 Nc4 11. Bxc6 Rb8 12. a3 Qc7 13. b5 Na5 14. Nd5 Nxd5 15.
exd5 Bf6 16. Rb1 Nxc6 17. dxc6 Bg4 18. Qd3 e4 19. Qc4 Bxf3 20. gxf3 exf3 21.
Qd5 Rfe8+ 22. Be3 a6 23. Kf1 Re5 24. Qxf3 Rexb5 25. Rxb5 Rxb5 26. Ke2 d5 27. a4
Ra5 28. Rb1 h6 29. Bb6 Qe7+ 30. Qe3 Qxe3+ 31. fxe3 Rxa4 32. c7 Rc4 33. Bc5
Rxc2+ 34. Kd1 Rxc5 35. Rb8+ Kh7 36. c8=Q Rxc8 37. Rxc8 a5 38. Rc5 d4 39. e4 a4
40. Ra5 g5 41. Rxa4 Be5 42. h3 Kg6 43. Ra5 f6 44. Ke2 h5 45. Kf3 d3 46. Rd5 d2
47. Rxd2 f5 48. exf5+ Kxf5 49. Rd5 g4+ 50. hxg4+ hxg4+ 51. Ke3 Ke6 52. Ke4 Bc7
53. Rg5 g3 54. Rg6+ Kf7 55. Kf5 Ke8 56. Rg7 Kd8 57. Ke6 Kc8 58. Kd5 Kb7 59. Kc5
Kc8 60. Kc6 Bd8 61. Rxg3 Be7 62. Rg8+ Bd8 63. Rh8 Kb8 64. Rxd8+ 1-0

[Event "Youth Classic 2019 - Youth Open U14"]
[Site "Bad Soden, Hasselgrundhalle"]
[Date "2019.10.05"]
[Round "5.19"]
[White "Radutny, Alexej"]
[Black "Kanno, Clara Yumi"]
[Result "0-1"]
[WhiteElo "1023"]
[BlackElo "1142"]
[PlyCount "60"]
[EventDate "2019.??.??"]
[WhiteTeam "SK Bad Homburg"]
[BlackTeam "SK Altenkirchen"]

1. e4 c5 2. c4 d6 3. Nc3 Nf6 4. d3 Nc6 5. g3 e5 6. Bg2 Be7 7. Nf3 Bg4 8. O-O
Nd4 9. Be3 O-O 10. Bxd4 cxd4 11. Nd5 Nxd5 12. cxd5 Rc8 13. Qd2 Qd7 14. Ng5 h6
15. h3 Bxg5 16. f4 exf4 17. gxf4 Bxh3 18. Bxh3 Qxh3 19. fxg5 Qg3+ 20. Kh1 hxg5
21. Rg1 Qh3+ 22. Qh2 Qxd3 23. Rxg5 Rc2 24. Qh4 Qf3+ 25. Kg1 Rfc8 26. Rxg7+ Kxg7
27. Qg5+ Kf8 28. Rf1 Qxe4 29. Qh6+ Kg8 30. Qg5+ Qg6 0-1

[Event "Youth Classic 2019 - Youth Open U14"]
[Site "Bad Soden, Hasselgrundhalle"]
[Date "2019.10.05"]
[Round "5.20"]
[White "Melchior, Christopher"]
[Black "Stehning, Michel"]
[Result "1-0"]
[WhiteElo "1229"]
[BlackElo "1020"]
[PlyCount "97"]
[EventDate "2019.??.??"]
[WhiteTeam "SK Gernsheim"]
[BlackTeam "SF Braunfels"]

1. d4 d5 2. c4 e6 3. Nc3 Nf6 4. Bg5 Nc6 5. Nf3 b6 6. cxd5 exd5 7. e3 Bb7 8. Bb5
Bb4 9. Qa4 Qd6 10. Ne5 Ne4 11. Rc1 f6 12. Nxc6 Bxc6 13. Bxc6+ Ke7 14. Bf4 Bxc3+
15. Rxc3 Qe6 16. Bxa8 Nxc3 17. Qa3+ Kf7 18. Qxc3 Rxa8 19. Qxc7+ Kg8 20. O-O g5
21. Bg3 h5 22. h3 h4 23. Bh2 Rc8 24. Qxa7 Qc6 25. Kh1 Ra8 26. Qc7 Qe8 27. Qxb6
Rxa2 28. Qxf6 Kh7 29. Be5 Qg8 30. Qf5+ Kh6 31. Rb1 Ra8 32. f4 gxf4 33. Bxf4+
Kg7 34. Qg5+ Kh7 35. Qxg8+ Rxg8 36. Kg1 Kg6 37. g3 hxg3 38. Bxg3 Kf5 39. Kf2
Ke4 40. b4 Ra8 41. Rb2 Rf8+ 42. Bf4 Rh8 43. b5 Rxh3 44. b6 Rf3+ 45. Ke2 Rh3 46.
b7 Rh5 47. b8=Q Rf5 48. Qe8+ Re5 49. Qxe5# 1-0

[Event "Youth Classic 2019 - Youth Open U14"]
[Site "Bad Soden, Hasselgrundhalle"]
[Date "2019.10.05"]
[Round "5.21"]
[White "Sirohi, Varun"]
[Black "Vick, Edward"]
[Result "0-1"]
[WhiteElo "894"]
[BlackElo "1242"]
[PlyCount "112"]
[EventDate "2019.??.??"]
[WhiteTeam "Schachforum Darmstadt"]
[BlackTeam "TuS Makkabi Wiesbaden"]

1. e4 d5 2. exd5 Nf6 3. Nf3 Nxd5 4. d4 Nc6 5. Bb5 Bd7 6. O-O e6 7. Qe2 Bd6 8.
Re1 O-O 9. c3 a6 10. Ba4 Re8 11. Be3 e5 12. dxe5 Nxe5 13. Bxd7 Qxd7 14. Nbd2 c6
15. Nxe5 Rxe5 16. Qf3 Rae8 17. Nc4 R5e7 18. Nxd6 Qxd6 19. Rad1 Qc5 20. Rd3 Qc4
21. Red1 Qxa2 22. g3 Qxb2 23. Qg4 Nxe3 24. fxe3 Qb6 25. Rd7 Qxe3+ 26. Kg2 g6
27. Rd8 Qe4+ 28. Qxe4 Rxe4 29. Rxe8+ Rxe8 30. Kf3 Kg7 31. Rd7 Rb8 32. Ke4 Kf6
33. g4 Ke6 34. Rc7 a5 35. Kd3 a4 36. Kc2 h6 37. h4 f5 38. gxf5+ Kxf5 39. Rh7 h5
40. Rg7 b5 41. Rc7 Rb6 42. Kb2 Kg4 43. Rg7 c5 44. Ka3 Kxh4 45. Re7 Kg5 46. Re5+
Kg4 47. Rxc5 h4 48. Rd5 g5 49. Rd4+ Kh5 50. Rb4 h3 51. c4 h2 52. Rb1 bxc4 53.
Rxb6 h1=Q 54. Rb8 Qf3+ 55. Kxa4 Qc6+ 56. Kb4 Qd6+ 0-1

[Event "Youth Classic 2019 - Youth Open U14"]
[Site "Bad Soden, Hasselgrundhalle"]
[Date "2019.10.05"]
[Round "5.22"]
[White "Jiang, Philipp"]
[Black "Sauer, Daniel"]
[Result "1-0"]
[WhiteElo "915"]
[BlackElo "1133"]
[PlyCount "97"]
[EventDate "2019.??.??"]
[WhiteTeam "SV Frankfurt Nord"]
[BlackTeam "Post  Schw. Hall"]

1. e4 e5 2. Nf3 Nc6 3. Bc4 Bc5 4. Nc3 Nf6 5. d3 d6 6. Bg5 h6 7. Bxf6 Qxf6 8.
Nd5 Qg6 9. Nxc7+ Ke7 10. Nxa8 Qxg2 11. Rf1 Bg4 12. Rg1 Qxg1+ 13. Nxg1 Bxd1 14.
Rxd1 Rxa8 15. c3 a6 16. Ne2 b5 17. Bd5 Na5 18. Bxa8 b4 19. Bd5 g5 20. cxb4
Bxb4+ 21. Nc3 f6 22. a3 Bc5 23. b4 Bd4 24. Ne2 Bb6 25. bxa5 Bxa5+ 26. Kf1 h5
27. Rb1 Kf8 28. Rb7 h4 29. Kg2 g4 30. h3 gxh3+ 31. Kxh3 Be1 32. Kxh4 Ke8 33.
Kg4 Bxf2 34. Kf5 Bh4 35. Ke6 Kd8 36. Kxd6 Kc8 37. Rg7 f5 38. exf5 a5 39. Rg8+
Bd8 40. f6 Kb8 41. Rxd8+ Ka7 42. f7 e4 43. f8=Q Kb6 44. Qf2+ e3 45. Qxe3+ Ka6
46. Bc4+ Kb7 47. Rd7+ Kc8 48. Qa7 a4 49. Qc7# 1-0

[Event "Youth Classic 2019 - Youth Open U14"]
[Site "Bad Soden, Hasselgrundhalle"]
[Date "2019.10.05"]
[Round "5.23"]
[White "Stiehl, Richard"]
[Black "Chen, Marvin"]
[Result "1-0"]
[WhiteElo "1243"]
[BlackElo "914"]
[PlyCount "97"]
[EventDate "2019.??.??"]
[WhiteTeam "SV Multatuli Ingelheim e.V."]
[BlackTeam "SC Bad Soden"]

1. e4 e5 2. Nf3 Nc6 3. Bc4 Bc5 4. d3 d6 5. h3 h6 6. Nc3 Nf6 7. O-O O-O 8. Be3
Bxe3 9. fxe3 a6 10. d4 exd4 11. exd4 b5 12. Bb3 b4 13. Nd5 Nxe4 14. Qe1 Nf6 15.
Nxb4 Nxb4 16. Qxb4 d5 17. Ne5 a5 18. Qa3 Ba6 19. Rfe1 Bb5 20. Qc5 Rb8 21. a4
Bc4 22. Bxc4 dxc4 23. Nc6 Nd7 24. Qxc4 Nb6 25. Qc5 Nd7 26. Qxa5 Ra8 27. Qd2 Qf6
28. Ne5 Rad8 29. Qc3 Qf5 30. Qxc7 Rfe8 31. Nxd7 Rxe1+ 32. Rxe1 Rxd7 33. Qc8+
Kh7 34. Re7 Rd5 35. Qxf5+ Rxf5 36. c4 Kg6 37. d5 Kf6 38. Rd7 Rf4 39. b3 Rd4 40.
a5 Rd1+ 41. Kh2 Ra1 42. b4 Ra4 43. Rb7 Ke5 44. Kg3 Kd4 45. d6 Ra3+ 46. Kf4 Rd3
47. a6 Kxc4 48. d7 Kd5 49. d8=Q+ 1-0

[Event "Youth Classic 2019 - Youth Open U14"]
[Site "Bad Soden, Hasselgrundhalle"]
[Date "2019.10.05"]
[Round "5.25"]
[White "Li, Toplink"]
[Black "Püschel-Esparza, Mateo"]
[Result "1-0"]
[WhiteElo "987"]
[BlackElo "1085"]
[PlyCount "49"]
[EventDate "2019.??.??"]
[WhiteTeam "Frankfurter TV"]
[BlackTeam "SC Landskrone"]

1. e4 c5 2. Nc3 Nc6 3. Bb5 g6 4. Nf3 Bg7 5. O-O d6 6. d4 cxd4 7. Nxd4 Bd7 8.
Be3 Nf6 9. Re1 O-O 10. f4 Nxe4 11. Nxe4 Nxd4 12. Bxd7 Nxc2 13. Qxc2 Qxd7 14.
Rad1 Qb5 15. Bd4 Bxd4+ 16. Rxd4 Qb6 17. Red1 e5 18. Nf6+ Kg7 19. Nd7 Qa5 20.
Rxd6 Rfd8 21. fxe5 Rac8 22. Qf2 Rc7 23. Qf6+ Kg8 24. Qxd8+ Kg7 25. Qf8# 1-0

[Event "Youth Classic 2019 - Youth Open U14"]
[Site "Bad Soden, Hasselgrundhalle"]
[Date "2019.10.05"]
[Round "5.26"]
[White "Rodermel, Leonie"]
[Black "Kramer, Theodor"]
[Result "1/2-1/2"]
[WhiteElo "1066"]
[BlackElo "862"]
[PlyCount "48"]
[EventDate "2019.??.??"]
[WhiteTeam "SV Oberursel"]
[BlackTeam "SC Bad Soden"]

1. e4 e5 2. Nf3 Nc6 3. Nc3 Nf6 4. Bb5 d6 5. d4 Bd7 6. Bxc6 Bxc6 7. d5 Bd7 8. h3
g6 9. Bg5 Bg7 10. O-O O-O 11. Qd2 h6 12. Bxh6 Nh7 13. Bxg7 Kxg7 14. Rfe1 Rh8
15. Nh2 Ng5 16. Re3 Qf6 17. Qd3 Rh7 18. Rg3 Rah8 19. Re1 Bxh3 20. Qe3 Bd7 21.
Rxg5 Rxh2 22. Kf1 b6 23. Ke2 R2h5 24. Rxh5 Rxh5 1/2-1/2

[Event "Youth Classic 2019 - Youth Open U14"]
[Site "Bad Soden, Hasselgrundhalle"]
[Date "2019.10.05"]
[Round "5.27"]
[White "Munteanu, Rares"]
[Black "Bernig Le Duigou, Vincent"]
[Result "1/2-1/2"]
[WhiteElo "871"]
[BlackElo "1222"]
[PlyCount "51"]
[EventDate "2019.??.??"]
[WhiteTeam "SK Bickenbach"]
[BlackTeam "SV Oberursel"]

1. c4 e5 2. Nc3 Nf6 3. g3 Bb4 4. Qc2 O-O 5. Bg2 Nc6 6. e3 Re8 7. Nge2 d6 8. d4
exd4 9. exd4 Nd7 10. O-O Bxc3 11. bxc3 Na5 12. Qd3 Nb6 13. Be4 h6 14. Nf4 Naxc4
15. Re1 d5 16. Bh7+ Kh8 17. Rxe8+ Qxe8 18. Bf5 Bxf5 19. Qxf5 Nd6 20. Qg4 Qe1+
21. Kg2 Qxc3 22. Nh5 Rg8 23. Rb1 Ne4 24. Qf5 Nd6 25. Qe5 Ndc4 26. Qf4 1/2-1/2

[Event "Youth Classic 2019 - Youth Open U14"]
[Site "Bad Soden, Hasselgrundhalle"]
[Date "2019.10.05"]
[Round "5.28"]
[White "Malsy, Lotte"]
[Black "Müller, Mirelle-Fabienne"]
[Result "1-0"]
[WhiteElo "793"]
[BlackElo "870"]
[PlyCount "161"]
[EventDate "2019.??.??"]
[WhiteTeam "SC Bad Soden"]
[BlackTeam "SC Landskrone"]

1. e4 e5 2. Nf3 Nc6 3. Bc4 Bc5 4. c3 Nf6 5. d4 exd4 6. cxd4 Nxd4 7. Nxd4 Nxe4
8. Nd2 Nf6 9. Qe2+ Qe7 10. Qxe7+ Bxe7 11. O-O Bc5 12. Re1+ Be7 13. Ne4 O-O 14.
Nxf6+ Bxf6 15. Nb5 c6 16. Nc3 d5 17. Bb3 Bf5 18. h3 a5 19. a4 b5 20. axb5 c5
21. Nxd5 Rad8 22. Nxf6+ gxf6 23. Rxa5 Rfe8 24. Be3 Bg6 25. Raa1 f5 26. Rad1 Ra8
27. Bxc5 f4 28. Rxe8+ Rxe8 29. Kf1 f3 30. Bd5 fxg2+ 31. Bxg2 Rc8 32. Bd6 Bc2
33. Rc1 Bd3+ 34. Kg1 Rxc1+ 35. Kh2 Rc2 36. b6 Ba6 37. b7 Bxb7 38. Bxb7 Rxf2+
39. Bg2 Rxb2 40. Bg3 Kg7 41. Be5+ Kg6 42. Bxb2 Kg5 43. Bd5 f5 44. Bc4 h5 45.
Bc1+ Kf6 46. Kg3 Ke5 47. Be2 f4+ 48. Kf2 h4 49. Bb2+ Kf5 50. Kf3 Kg5 51. Ba3
Kf5 52. Bd3+ Ke5 53. Be7 Ke6 54. Bxh4 Kf7 55. Kxf4 Kg7 56. Be1 Kh6 57. Kg4 Kg7
58. Bc3+ Kf8 59. Kg5 Kg8 60. h4 Kf8 61. Kg6 Kg8 62. Bc4+ Kf8 63. h5 Ke8 64. h6
Kf8 65. h7 Ke8 66. h8=R+ Kd7 67. Bf1 Kc6 68. Be1 Kd7 69. Rh5 Kd6 70. Kf5 Kd5
71. Kf4+ Kd4 72. Rh8 Kc5 73. Rd8 Kb6 74. Rc8 Kb7 75. Rc1 Kb6 76. Ke5 Kb7 77.
Kd6 Kb8 78. Kd7 Kb7 79. Rb1+ Ka7 80. Kc7 Ka8 81. Ra1# 1-0

[Event "Youth Classic 2019 - Youth Open U14"]
[Site "Bad Soden, Hasselgrundhalle"]
[Date "2019.10.05"]
[Round "5.30"]
[White "Pöpplow, Peer"]
[Black "Wagner, Maribel"]
[Result "1/2-1/2"]
[WhiteElo "816"]
[BlackElo "760"]
[PlyCount "39"]
[EventDate "2019.??.??"]
[WhiteTeam "Chess Tigers"]
[BlackTeam "SC Bad Soden"]

1. e4 e5 2. Nf3 Nc6 3. Nc3 Nf6 4. Bc4 Bc5 5. h3 h6 6. d3 d6 7. Nd5 Nxd5 8. Bxd5
Nb4 9. a3 Na6 10. O-O O-O 11. b3 Nb8 12. Bb2 Nd7 13. Nh4 Qxh4 14. Qf3 Nf6 15.
Qg3 Qg5 16. Qxg5 hxg5 17. Bc1 Nh7 18. Rb1 c6 19. b4 Bd4 20. Bc4 1/2-1/2

[Event "Youth Classic 2019 - Youth Open U14"]
[Site "Bad Soden, Hasselgrundhalle"]
[Date "2019.10.05"]
[Round "5.34"]
[White "Vucinec, Myla"]
[Black "Novoselov, Mikhail"]
[Result "1-0"]
[WhiteElo "876"]
[BlackElo "825"]
[PlyCount "141"]
[EventDate "2019.??.??"]
[WhiteTeam "Sfr. Kelkheim"]
[BlackTeam "SK Bad Homburg"]

1. e4 e5 2. Nf3 Nc6 3. Nc3 Nf6 4. d4 d6 5. Bc4 Bg4 6. Be3 exd4 7. Bxd4 Nxd4 8.
Qxd4 c5 9. Qd3 Bxf3 10. Qxf3 Be7 11. Nd5 O-O 12. O-O Rb8 13. Rfe1 b5 14. Bb3 c4
15. Bxc4 bxc4 16. e5 Nd7 17. exd6 Bxd6 18. Rab1 Ne5 19. Qe4 Re8 20. Qd4 h6 21.
h3 Qa5 22. Nf6+ gxf6 23. Qxd6 Rxb2 24. Qxf6 Rxc2 25. Re3 Rc3 26. Qxh6 Rxe3 27.
Qxe3 c3 28. Qg3+ Ng6 29. Rc1 Rc8 30. h4 c2 31. Qg4 Rc3 32. h5 Rc6 33. hxg6 Rxg6
34. Qc8+ Kg7 35. Qxc2 Qg5 36. g3 Rh6 37. Qc3+ f6 38. Qc7+ Kg6 39. Qc2+ Kg7 40.
Rd1 f5 41. Qc7+ Kg6 42. Rd6+ Kh5 43. Rxh6+ Kxh6 44. a4 f4 45. a5 fxg3 46. fxg3
Qb5 47. Qxa7 Qb1+ 48. Kg2 Qb2+ 49. Kh3 Qe5 50. a6 Qh5+ 51. Kg2 Qe2+ 52. Kh3
Qh5+ 53. Kg2 Qe2+ 54. Qf2 Qxa6 55. Qd2+ Kg6 56. Qc2+ Kg5 57. Qd2+ Kf6 58. Qf4+
Kg6 59. g4 Qa2+ 60. Kh3 Qa3+ 61. Kh4 Qe7+ 62. g5 Qh7+ 63. Kg3 Qh5 64. Qe4+ Kg7
65. Qe7+ Kg6 66. Qf6+ Kh7 67. g6+ Kg8 68. Qf7+ Kh8 69. g7+ Kh7 70. g8=Q+ Kh6
71. Qgg7# 1-0

[Event "Youth Classic 2019 - Youth Open U14"]
[Site "Bad Soden, Hasselgrundhalle"]
[Date "2019.10.05"]
[Round "6.1"]
[White "Colditz, Elias"]
[Black "Klugstedt, Vincent C."]
[Result "1/2-1/2"]
[WhiteElo "1676"]
[BlackElo "1865"]
[PlyCount "152"]
[EventDate "2019.??.??"]
[WhiteTeam "SV Multatuli Ingelheim e.V."]
[BlackTeam "SG Bochum"]

1. e4 c5 2. Nf3 Nc6 3. Bb5 g6 4. Bxc6 bxc6 5. Nc3 Bg7 6. O-O Nf6 7. d3 O-O 8.
Be3 d6 9. h3 Ba6 10. Qd2 Rb8 11. Rab1 Qc7 12. Bh6 d5 13. Bxg7 Kxg7 14. exd5
cxd5 15. Rfe1 e6 16. Ne2 Rb6 17. Qc3 Rfb8 18. b3 Qd6 19. Qe5 Qc6 20. Nc3 c4 21.
dxc4 Qd6 22. Qxd6 Rxd6 23. cxd5 exd5 24. Nd4 Rc8 25. Nce2 Ne4 26. Rb2 Rd7 27.
f3 Nd6 28. Nf4 Nb5 29. Nxb5 Bxb5 30. Re5 Bc6 31. Nd3 Kf6 32. Re1 Bb5 33. Ne5
Rdc7 34. Ng4+ Kg7 35. Rc1 Bd3 36. c3 Rxc3 37. Rxc3 Rxc3 38. Rd2 Bb1 39. Rxd5
Bxa2 40. Ra5 Bxb3 41. Rxa7 h5 42. Nf2 Rc1+ 43. Kh2 h4 44. Ne4 Bd5 45. Re7 Re1
46. Re8 Bc6 47. Re7 Bxe4 48. fxe4 Kf8 49. Re5 f6 50. Ra5 Ke7 51. Ra6 Rxe4 52.
Kg1 Re2 53. Ra7+ Ke6 54. Ra8 Kf5 55. Ra5+ Kf4 56. Ra4+ Re4 57. Ra6 Kf5 58. Ra5+
Re5 59. Ra4 g5 60. Kf2 Re4 61. Ra5+ Kf4 62. Ra3 Rb4 63. Rf3+ Ke5 64. Re3+ Re4
65. Rb3 f5 66. Rb5+ Kf4 67. Rb3 g4 68. hxg4 Kxg4 69. Rb8 Rf4+ 70. Kg1 Rc4 71.
Rg8+ Kf4 72. Kh2 Ke3 73. Re8+ Re4 74. Ra8 Kf2 75. Ra2+ Ke3 76. Ra3+ Kf4 1/2-1/2

[Event "Youth Classic 2019 - Youth Open U14"]
[Site "Bad Soden, Hasselgrundhalle"]
[Date "2019.10.05"]
[Round "6.2"]
[White "Markosyan, Aleksandr"]
[Black "Lorenz, Alexander"]
[Result "0-1"]
[WhiteElo "1759"]
[BlackElo "1759"]
[PlyCount "132"]
[EventDate "2019.??.??"]
[WhiteTeam "SG Idstein"]
[BlackTeam "SV Bergwinkel"]

1. e4 c5 2. Nf3 d6 3. c3 g6 4. d4 cxd4 5. cxd4 Bg7 6. Nc3 e6 7. Bf4 a6 8. Be2
Ne7 9. Qd2 Nbc6 10. O-O b5 11. a3 Bb7 12. Bh6 O-O 13. Bxg7 Kxg7 14. Rac1 Rc8
15. Qg5 Na5 16. Nd2 Nc4 17. Nxc4 bxc4 18. Qg4 Qb6 19. Qg3 Rfd8 20. Rfd1 Rd7 21.
Qe3 d5 22. e5 Bc6 23. g4 Rg8 24. Kh1 Rb7 25. h4 Nc8 26. h5 Qxb2 27. Qg5 Qxa3
28. h6+ Kf8 29. Qd8+ Be8 30. Qxc8 Qe7 31. Qc5 Qxc5 32. dxc5 Ke7 33. Ra1 Ra7 34.
Rdb1 Bc6 35. Rb6 Rc8 36. Kg1 d4 37. Na2 Bd5 38. c6 d3 39. Bd1 Bxc6 40. Nc3 f6
41. exf6+ Kxf6 42. Raxa6 Rxa6 43. Rxa6 Ke5 44. Kf1 Kd4 45. Ra3 Ra8 46. Rxa8
Bxa8 47. Nb5+ Kc5 48. Nc7 Bd5 49. Ke1 c3 50. Nxd5 exd5 51. Ba4 Kb4 52. Be8 c2
53. Kd2 Kb3 54. Bxg6 Kb2 55. Bxd3 c1=Q+ 56. Ke2 Qxh6 57. Bf5 Kc3 58. f4 Qxf4
59. Bxh7 Qxg4+ 60. Ke3 d4+ 61. Kf2 d3 62. Bxd3 Kxd3 63. Kf1 Qe2+ 64. Kg1 Ke3
65. Kh1 Kf3 66. Kg1 Qg2# 0-1

[Event "Youth Classic 2019 - Youth Open U14"]
[Site "Bad Soden, Hasselgrundhalle"]
[Date "2019.10.05"]
[Round "6.3"]
[White "Müller, Maurice-Pascal"]
[Black "Haller, Christian"]
[Result "1-0"]
[WhiteElo "1683"]
[BlackElo "1325"]
[PlyCount "97"]
[EventDate "2019.??.??"]
[WhiteTeam "SC Landskrone"]
[BlackTeam "SC Bad Soden"]

1. e4 e5 2. Nf3 Nc6 3. Bb5 Nf6 4. O-O Nxe4 5. Re1 Nd6 6. Nxe5 Be7 7. Bxc6 dxc6
8. d4 O-O 9. Be3 Nf5 10. Nc3 Nxe3 11. Rxe3 c5 12. dxc5 Qxd1+ 13. Rxd1 Bxc5 14.
Red3 Bf5 15. Rf3 Be6 16. h3 Bb4 17. a3 Bd6 18. Nd3 Rfd8 19. Re1 Rac8 20. Nb5 a6
21. Nxd6 Rxd6 22. Nc5 Bd5 23. Rfe3 Kf8 24. c4 Bc6 25. b4 Rd4 26. b5 axb5 27.
cxb5 Bxb5 28. Nxb7 Rd5 29. Re5 Rxe5 30. Rxe5 Ba4 31. Ra5 Bc2 32. Nc5 Ke7 33.
Kf1 Kd6 34. Na4 c5 35. Nb6 Bd3+ 36. Ke1 Rc6 37. Ra8 Ke5 38. Re8+ Kd4 39. Rd8+
Kc3 40. Nd5+ Kb2 41. Ne3 c4 42. Kd2 Be4 43. f3 Bg6 44. Rb8+ Ka2 45. Kc3 f6 46.
Rb2+ Kxa3 47. Rb7 Ka4 48. Nxc4 Bf5 49. Rb4# 1-0